Obra completa / (Record no. 81508)

MARC details
000 -LEADER
campo de control de longitud fija 00999cam a2200361Ia 4500
001 - NÚMERO DE CONTROL
campo de control 84349
005 - FECHA Y HORA DE LA ÚLTIMA TRANSACCIÓN
campo de control 20230410130840.0
008 - DATOS DE LONGITUD FIJA--INFORMACIÓN GENERAL
campo de control de longitud fija 820812t1981 sp 000 0 spa d
035 ## - NÚMERO DE CONTROL DEL SISTEMA
Número de control de sistema (OCoLC)ocm08681113
040 ## - FUENTE DE CATALOGACIÓN
Centro catalogador/agencia de origen NDD
Centro/agencia transcriptor NDD
Centro/agencia modificador OCL
-- OCLCG
020 ## - NÚMERO INTERNACIONAL ESTÁNDAR DEL LIBRO
Número Internacional Estándar del Libro 8423901351
020 ## - NÚMERO INTERNACIONAL ESTÁNDAR DEL LIBRO
Número Internacional Estándar del Libro 9788423901357
029 1# - OTRO NÚMERO DE CONTROL DE SISTEMA (OCLC)
Identificador de la biblioteca OCLC NLGGC
Número de control de sistema 83135092X
029 1# - OTRO NÚMERO DE CONTROL DE SISTEMA (OCLC)
Identificador de la biblioteca OCLC NZ1
Número de control de sistema 4803242
029 1# - OTRO NÚMERO DE CONTROL DE SISTEMA (OCLC)
Identificador de la biblioteca OCLC NZ1
Número de control de sistema 12194519
035 ## - NÚMERO DE CONTROL DEL SISTEMA
Número de control de sistema (OCoLC)8681113
050 14 - SIGNATURA TOPOGRÁFICA DE LA BIBLIOTECA DEL CONGRESO
Número de clasificación PQ 6412
Número de ítem M285o 1981
082 00 - NÚMERO DE LA CLASIFICACIÓN DECIMAL DEWEY
Número de clasificación 861.2
049 ## - FONDOS LOCALES (OCLC)
Biblioteca depositaria GRAL
100 1# - ENTRADA PRINCIPAL--NOMBRE DE PERSONA
Nombre de persona Manrique, Jorge,
Fechas asociadas al nombre 1440?-1479.
245 10 - MENCIÓN DEL TÍTULO
Título Obra completa /
Mención de responsabilidad, etc. Jorge Manrique ; edición, prologo y vocabulario de Augusto Cortina.
250 ## - MENCION DE EDICION
Mención de edición 14a ed.
260 ## - PUBLICACIÓN, DISTRIBUCIÓN, ETC.
Lugar de publicación, distribución, etc. Madrid :
Nombre del editor, distribuidor, etc. Espasa-Calpe, S.A.,
Fecha de publicación, distribución, etc. 1981
300 ## - DESCRIPCIÓN FÍSICA
Extensión 144 p. ;
Dimensiones 20 cm.
440 #0 - MENCIÓN DE SERIE/PUNTO DE ACCESO ADICIONAL--TÍTULO
Título Colección austral ;
Designación de volumen o secuencia 135
650 #4 - PUNTO DE ACCESO ADICIONAL DE MATERIA--TÉRMINO DE MATERIA
Término de materia o nombre geográfico como elemento de entrada CES
650 #4 - PUNTO DE ACCESO ADICIONAL DE MATERIA--TÉRMINO DE MATERIA
Término de materia o nombre geográfico como elemento de entrada Colección Enriquillo Sánchez
650 #4 - PUNTO DE ACCESO ADICIONAL DE MATERIA--TÉRMINO DE MATERIA
Término de materia o nombre geográfico como elemento de entrada Poesía española.
700 1# - ENTRADA AGREGADA--NOMBRE PERSONAL
Nombre de persona Cortina, Augusto,
Fechas asociadas al nombre 1902-
942 ## - ELEMENTOS DE ENTRADA SECUNDARIOS (KOHA)
Fuente del sistema de clasificación o colocación Clasificación de Library of Congress
Tipo de ítem Koha
994 ## -
-- C0
-- DRFGD
946 ## - PROCESAMIENTO DE INFORMACIÓN LOCAL (OCLC)
a sadt
Holdings
Estatus retirado Estado de pérdida Fuente del sistema de clasificación o colocación Estado de daño No para préstamo Colección Biblioteca de origen Biblioteca actual Ubicación en estantería Fecha de adquisición Serial enumeration / chronology Signatura topográfica completa Código de barras Visto por última vez Copia número Tipo de ítem Koha
    Clasificación de Library of Congress     Humanidades Biblioteca Juan Bosch Biblioteca Juan Bosch Humanidades (4to. Piso) 10/04/2023 1 PQ 6412 M285o 1981 00000075608 25/10/2018 1